000 02519cam a22003614a 4500
001 muse78688
003 MdBmJHUP
005 20210127151420.0
006 m o d
007 cr||||||||nn|n
008 190626s2019 mau o 00 0 eng d
010 _z 2019944548
020 _a9781643150086
020 _z9781643150079
035 _a(OCoLC)1122906772
040 _aMdBmJHUP
_cMdBmJHUP
100 1 _aFrank, Jeffery,
_eauthor.
245 1 0 _aBeing a Presence for Students
_bTeaching as a Lived Defense of Liberal Education /
_cJeffery Frank.
264 1 _bLever Press,
264 3 _bProject MUSE,
300 _a1 online resource (pages cm)
506 0 _aOpen Access
_fUnrestricted online access
_2star
520 _a"This book offers a lived defense of liberal education. How does a college professor, on a daily basis, help students feel the value of liberal education and get the most from that education? We answer this question, as professors, each day in the classroom. John William Miller, a philosophy professor at Williams College from 1924-1960 and someone noted for his exceptional teaching, developed one form that this lived defense can take. Though Miller published very little while he was alive, the archives at Williams College hold unpublished notes and essays of this master teacher. In this book, Jeff Franks offers an extended commentary on one of these unpublished essays where Miller develops his thinking on liberal education. Frank develops the idea that presence is central to liberal education and offers suggestions for how professors can become an educative presence for students. The goal of this book is an invitation to other professors who value liberal education to think with Miller about how to develop their own lived defense of liberal education, each day, in their own classrooms. The tone of the book is meant to be invitational, at times even conversational, and the book concludes with some direct suggestions for how professors can live their own defense of liberal education"--
_cProvided by publisher.
588 _aDescription based on print version record.
655 7 _aElectronic books.
_2local
710 2 _aProject Muse.
_edistributor
830 0 _aBook collections on Project MUSE.
856 4 0 _zFull text available:
_uhttps://muse.jhu.edu/book/68985/
999 _c25700
_d25700